[Event "RUS-ch (Women)"]
[Site "Elista"]
[Date "1997.09.24"]
[Round "6"]
[White "Shumiakina, Tatiana"]
[Black "Galianina, Julia"]
[Result "1-0"]
[WhiteElo "2385"]
[BlackElo "2270"]

1.d4 d5 2.c4 Nc6 3.Nf3 e5 4.dxe5 Bb4+ 5.Bd2 dxc4 6.e3 Be6 7.Qc2 Qd5 8.Nc3 Bxc3
9.Bxc3 O-O-O 10.Be2 Nge7 11.O-O a6 12.Rfd1 Qb5 13.Ng5 Bf5 14.e4 Bg6 15.f4 Qc5+
16.Kh1 h6 17.Nf3 Qe3 18.f5 Bh5 19.Re1 Bxf3 20.Bxf3 Nd4 21.Qd1 Qf2 22.Rf1 Qe3
23.Qa4 Nxf3 24.gxf3 Qe2 25.Rae1 Qd3 26.Qd1 Nc6 27.Qe2 Rhe8 28.f4 b5 29.a3 a5
30.Qf2 Nd4 31.Bxa5 Kb7 32.Re3 Qc2 33.Qxc2 Nxc2 34.Re2 Nd4 35.Rg2 Rg8 36.Bb4 Kb6
37.Be7 Rde8 38.f6 Nc6 39.e6 Rxe7 40.fxe7 fxe6 41.Rg6  1-0

[Event "ESP-ch"]
[Site "Torrevieja"]
[Date "1997.10.01"]
[Round "4"]
[White "Romero Holmes, Alfonso"]
[Black "Gallego, Victoriano"]
[Result "1-0"]
[WhiteElo "2465"]
[BlackElo "2385"]

1.d4 d5 2.c4 Nc6 3.Nc3 Nf6 4.Bg5 Ne4 5.Bh4 g5 6.Bxg5 Nxg5 7.cxd5 e5 8.dxc6 exd4
9.cxb7 Bxb7 10.Qa4+ Qd7 11.Qxd7+ Kxd7 12.O-O-O c5 13.Nf3 Bh6 14.Nxg5 Bxg5+
15.e3 Ke7 16.f4 Bf6 17.exd4 cxd4 18.Re1+ Kf8 19.Nb5 Kg7 20.Bd3 Rhd8 21.Kd2 a6
22.Na3 Rac8 23.Re2 Bd5 24.b3 a5 25.Bc4 Bxc4 26.Nxc4 a4 27.Kd3 axb3 28.axb3 Rb8
29.Rb1 Rb4 30.Ra2 Rdb8 31.Nd2 Rc8 32.Ne4 Be7  1-0

[Event "Bahn-chT S+W"]
[Site "Friedrichroda"]
[Date "1997.10.26"]
[Round "1.1"]
[White "Walther, Hans Wolfgang"]
[Black "Schatz, Dieter"]
[Result "1/2-1/2"]
[WhiteElo "2146"]
[BlackElo "2120"]

1.d4 d5 2.c4 Nc6 3.Nf3 Bg4 4.e3 e5 5.Nc3 Bb4 6.dxe5 dxc4 7.Bd2 Nge7 8.Bxc4 O-O
9.a3 Nxe5 10.Be2 Bxf3 11.gxf3 Ba5 12.Qc2 N7g6 13.f4 Nc6 14.h4 Re8 15.Qf5 Qd6
16.b4 Rad8 17.Rd1 Bb6 18.Bc1 Bd4 19.Nb5 Qe7 20.h5 Nh4 21.Qg4 Bf6 22.Rxd8 Rxd8
23.e4 a6 24.e5 Nxe5 25.fxe5 Qxe5 26.Rxh4 axb5 27.Rh3 Qa1 28.Qf4 Bb2 29.Qxc7 Qxc1+
30.Qxc1 Bxc1 31.Bxb5  1/2-1/2

[Event "Bahn-chT S+W"]
[Site "Friedrichroda"]
[Date "1997.10.27"]
[Round "3.1"]
[White "Strauss, Peter"]
[Black "Schatz, Dieter"]
[Result "0-1"]
[WhiteElo "1825"]
[BlackElo "2120"]

1.d4 d5 2.c4 Nc6 3.Nf3 Bg4 4.e3 e5 5.dxe5 d4 6.Be2 Bb4+ 7.Kf1 dxe3 8.Qxd8+ Rxd8
9.fxe3 Bxf3 10.gxf3 Nxe5 11.a3 Be7 12.Nc3 Bf6 13.Ne4 Ne7 14.Rg1 Nf5 15.Nxf6+ gxf6
16.f4 Nd3 17.Bxd3 Rxd3 18.Ke2 Rb3 19.Rb1 Ke7 20.Bd2 Re8 21.Kf2 Kd7 22.Rge1 Nd6
23.Bc3 Ne4+ 24.Kf3 b6 25.Red1+ Kc6 26.Bd4 Nd6 27.Kg4 Rg8+ 28.Kf3 Nf5 29.Ke4 Nh4
30.Bxf6 Re8+ 31.Be5 f5+  0-1

[Event "AUT-chT 9798"]
[Site "Austria"]
[Date "1997.11.08"]
[Round "4"]
[White "Schweda, Roland"]
[Black "Grabher, Heinz"]
[Result "1/2-1/2"]
[WhiteElo "2370"]
[BlackElo "2260"]

1.d4 d5 2.c4 Nc6 3.Nc3 dxc4 4.Nf3 Nf6 5.e4 Bg4 6.Be3 e6 7.Bxc4 Bb4 8.Qc2 O-O
9.Rd1 Ne7 10.Be2 Ng6 11.O-O c6 12.h3 Bxf3 13.Bxf3 Qa5 14.e5 Nd5 15.Nxd5 cxd5
16.a3 Be7 17.Rc1 Qb5 18.Be2 Qd7 19.Qb3 Bd8 20.Rc2 Bb6 21.Rfc1 Qe7 22.a4 f6
23.exf6 Qxf6 24.Qb4 Nh4 25.a5 Bd8 26.Bd3 Nf5 27.Bxf5 Qxf5 28.Qb5 Qf7 29.Rc8 Rxc8
30.Rxc8 a6 31.Qb4 Qe7 32.Qxe7 Bxe7 33.Rc7 Bb4 34.Rxb7 Bxa5 35.Ra7 Rb8 36.Rxa6 Bc7
37.Rc6 Rb7 38.Kf1 Kf7 39.Rc2 Bd8 40.Bf4 Bf6 41.Be3 Rb4 42.Rd2 Ke7 43.g4 h6
44.Ke2 Kd6 45.Bf4+ Kd7 46.Be3 Kd6 47.Kd1 e5 48.dxe5+ Bxe5 49.Kc1 g5 50.Kb1 d4
51.Rd1 Ke6 52.Bc1 Rb3 53.Rh1  1/2-1/2

[Event "Budapest FS11 IM-B"]
[Site "Budapest"]
[Date "1997.11.08"]
[Round "7"]
[White "Szeberenyi, Adam"]
[Black "Jamrich, Gyorgy"]
[Result "0-1"]
[WhiteElo "2215"]
[BlackElo "2240"]

1.d4 d5 2.c4 Nc6 3.Nc3 Nf6 4.Nf3 Bf5 5.Qa4 Qd7 6.e3 dxc4 7.Bxc4 e6 8.Bb5 Bd6
9.d5 Nxd5 10.Nxd5 exd5 11.Nd4 O-O 12.Nxc6 a6 13.Nd4 axb5 14.Qxb5 c6 15.Qb3 Be4
16.f3 Bg6 17.Bd2 Rfe8 18.Kf2 f5 19.f4 Bf7 20.Qd3 Re4 21.Nf3 d4 22.Ng5 dxe3+
23.Bxe3 Rb4 24.Qd2 Bd5 25.a3 Rba4 26.Rad1 Qc7 27.Nh3 Rd8 28.Qc2 Re4 29.Rhe1 Rde8
30.b4 Qe7 31.Qc3 Bc7 32.Ng5 h6 33.Bc5 Re2+ 34.Kf1 Rxe1+ 35.Rxe1 Qxe1+ 36.Qxe1 Rxe1+
37.Kxe1 hxg5 38.a4 gxf4  0-1

[Event "AUT-chT2O 9798"]
[Site "Austria"]
[Date "1997.11.09"]
[Round "3"]
[White "Thallinger, Harald"]
[Black "Eibersberger, Manfred"]
[Result "1/2-1/2"]
[WhiteElo "2350"]
[BlackElo "2240"]

1.d4 d5 2.c4 Nc6 3.Nf3 e5 4.Nxe5 Nxe5 5.dxe5 dxc4 6.Qxd8+ Kxd8 7.Bg5+ Be7
8.Bxe7+ Nxe7 9.Na3 Be6 10.O-O-O+ Kc8 11.e4 c3 12.bxc3 Bxa2 13.Kb2 Be6 14.f4 g6
15.Be2 a6 16.g4 b5 17.h4 Rd8 18.f5 Bd7 19.Rhf1 Nc6 20.fxg6 fxg6 21.Rf7 Nxe5
22.Rxh7 Kb7 23.g5 Bc6 24.Rd4 Rd7 25.Rdxd7 Nxd7 26.Nc2 Rf8 27.Nd4 Rf4 28.h5 gxh5
29.Bxh5 Ne5 30.Rxc7+ Kxc7 31.Ne6+ Kd6 32.Nxf4 Bxe4  1/2-1/2

[Event "Bayern-chI Bank Hofmann"]
[Site "Bad Wiessee"]
[Date "1997.11.22"]
[Round "8"]
[White "Reimche, Vadim"]
[Black "Phildius, Bernhard"]
[Result "0-1"]
[WhiteElo "2135"]
[BlackElo "2330"]

1.d4 d5 2.c4 Nc6 3.Nf3 Bg4 4.cxd5 Bxf3 5.gxf3 Qxd5 6.Be3 e5 7.Nc3 Bb4 8.a3 Bxc3+
9.bxc3 O-O-O 10.Qa4 exd4 11.Rd1 Nge7 12.cxd4 Kb8 13.Bg2 Nf5 14.O-O Nh4 15.Bf4 Nxd4
16.Rd2 g5 17.Rfd1 Nxe2+ 18.Kf1 Nxf4 19.Rxd5 Nxd5 20.Rc1 Nf4 21.Bh1 Rd5 22.Rc4 Nhg6
23.h4 Rhd8 24.Kg1 h6 25.h5 Ne2+ 26.Kh2 Ngf4 27.Qc2 Rd1 28.Qh7 Rf1 29.Rxf4 Rxf2+
30.Kh3 gxf4 31.Kg4 a6 32.Qxh6 Rh2 33.Qg7 Rxh1 34.Qxf7 Rh8 35.Qd5 R8xh5 36.Qg8+ Ka7
37.Qd8  0-1

[Event "Aarhus"]
[Site "Aarhus"]
[Date "1997.??.??"]
[Round "4"]
[White "Jensen, Jacob Bjerre"]
[Black "Hoiberg, Nina"]
[Result "0-1"]
[WhiteElo "2205"]
[BlackElo "2280"]

1.d4 d5 2.c4 Nc6 3.Nc3 dxc4 4.Nf3 Nf6 5.e4 Bg4 6.Be3 e6 7.Bxc4 Bb4 8.d5 Bxc3+
9.bxc3 Bxf3 10.Qxf3 Ne5 11.Bb5+ c6 12.Qg3 Qa5 13.O-O Ng6 14.Bc4 Nxe4  0-1

[Event "Aarhus"]
[Site "Aarhus"]
[Date "1997.??.??"]
[Round "6"]
[White "Pedersen, Bjarne"]
[Black "Hoiberg, Nina"]
[Result "1/2-1/2"]
[WhiteElo "2185"]
[BlackElo "2280"]

1.d4 d5 2.c4 Nc6 3.cxd5 Qxd5 4.Nf3 e5 5.Nc3 Bb4 6.Bd2 Bxc3 7.Bxc3 exd4 8.Nxd4 Nxd4
9.Qxd4 Qxd4 10.Bxd4 f6 11.e3 Be6 12.a3  1/2-1/2

[Event "BEL-chT 9798"]
[Site "Antwerp"]
[Date "1997.??.??"]
[Round "4"]
[White "Johannes, Alex"]
[Black "Beeckmans, Felix"]
[Result "1-0"]
[WhiteElo "2155"]
[BlackElo "2230"]

1.d4 d5 2.c4 Nc6 3.Nc3 Nf6 4.Nf3 Bf5 5.Bg5 Ne4 6.Bh4 Nxc3 7.bxc3 Qd7 8.e3 e6
9.c5 f6 10.Bb5 a6 11.Ba4 b5 12.Bc2 e5 13.O-O Bg4 14.Qb1 e4 15.Nd2 Be2 16.Re1 Bh5
17.f3 g5 18.Bg3 f5 19.fxe4 fxe4 20.a4 Rb8 21.axb5 axb5 22.Nxe4 dxe4 23.Bxe4 Bg7
24.Bf5 Qe7 25.d5 Ne5 26.Ra6 Bf7 27.d6 cxd6 28.cxd6 Qb7 29.d7+ Nxd7 30.Bxd7+ Kxd7
31.Rd1+ Ke8 32.Rad6 Rc8 33.Qd3 Qe7 34.Rd7 Qe6 35.Rd8+ Ke7 36.Rd7+ Ke8 37.Rd6 Qc4
38.Rd8+ Ke7 39.Qd6+  1-0

[Event "BEL-chT 9798"]
[Site "Antwerp"]
[Date "1997.??.??"]
[Round "5"]
[White "Chuchelov, Vladimir"]
[Black "Van Houtte, Thierry"]
[Result "1-0"]
[WhiteElo "2540"]
[BlackElo "2235"]

1.d4 d5 2.c4 Nc6 3.Nc3 dxc4 4.d5 Ne5 5.Qd4 f6 6.f4 Nf7 7.Qxc4 Nd6 8.Qb3 f5
9.g3 Nf6 10.Bg2 g6 11.Nh3 Bg7 12.O-O O-O 13.Nf2 Re8 14.Be3 e6 15.Rad1 Kh8
16.Bd4 exd5 17.Bxd5 Nxd5 18.Bxg7+ Kxg7 19.Nxd5 Be6 20.Qc3+ Kf7 21.Qxc7+ Kg8
22.Qxd8  1-0

[Event "Asti op"]
[Site "Asti"]
[Date "1997.??.??"]
[Round "?"]
[White "Arlandi, Ennio"]
[Black "Spinelli, Doriano"]
[Result "1-0"]
[WhiteElo "2470"]
[BlackElo "2200"]

1.d4 d5 2.c4 Nc6 3.cxd5 Qxd5 4.e3 e5 5.Nc3 Bb4 6.Bd2 Bxc3 7.bxc3 Nf6 8.f3 O-O
9.e4 Qd6 10.d5 Ne7 11.c4 b5 12.cxb5 a6 13.Qb3 Nexd5 14.exd5 Nxd5 15.Bc4 Be6
16.bxa6 e4 17.fxe4 Qe5 18.Rc1 Qxe4+ 19.Ne2 Nb6 20.Bxe6 fxe6 21.Rxc7 Nd5 22.Rb7 Rfc8
23.a7 Nc3 24.Bxc3 Rxc3 25.Rxg7+ Kxg7 26.Qxc3+ e5 27.Rf1 Qb1+ 28.Qc1 Qb4+
29.Nc3  1-0

[Event "AUT-chT2W 9798"]
[Site "Austria"]
[Date "1997.??.??"]
[Round "4"]
[White "Hager, Franz"]
[Black "Grabher, Heinz"]
[Result "1/2-1/2"]
[WhiteElo "2235"]
[BlackElo "2260"]

1.d4 d5 2.c4 Nc6 3.cxd5 Qxd5 4.Nf3 e5 5.Nc3 Bb4 6.Bd2 Bxc3 7.Bxc3 e4 8.Nd2 e3
9.fxe3 Nf6 10.Qb3 Be6 11.Qxd5 Bxd5 12.Rg1 h5 13.g3 O-O-O 14.h3 Rhe8 15.Kf2 Re6
16.g4 hxg4 17.hxg4 Rh8 18.g5 Ne4+ 19.Nxe4 Bxe4 20.Rg3 Rh2+ 21.Ke1 Ne7 22.Kd2 Kd8
23.Bh3 Nf5 24.Bxf5 Bxf5 25.Rf1 Bg6 26.Rff3 Ke7  1/2-1/2

[Event "AUT-chT2W 9798"]
[Site "Austria"]
[Date "1997.??.??"]
[Round "7"]
[White "Ager, Josef"]
[Black "Sucher, Johannes"]
[Result "1-0"]
[WhiteElo "2140"]
[BlackElo "2125"]

1.d4 d5 2.c4 Nc6 3.e3 e5 4.cxd5 Qxd5 5.Nc3 Bb4 6.Bd2 Bxc3 7.bxc3 exd4 8.cxd4 Bf5
9.Qb3 Qxb3 10.axb3 Nge7 11.Bc4 O-O 12.Ne2 Rfd8 13.f3 Be6 14.Nf4 Bxc4 15.bxc4 g5
16.Nd3 Nf5 17.d5 b5 18.Nb2 Ne5 19.e4 Nd4 20.Bxg5 Rdb8 21.Rd1 bxc4 22.Nxc4 Nc2+
23.Kd2 Nxc4+ 24.Kxc2 f6 25.Bf4 Rb7 26.Kc3 Na3 27.Ra1 Nb5+ 28.Kd3 Rd8 29.Rhc1 Kf7
30.Ra6 Rb6 31.Ra5 Rd7 32.Be3 Rb7 33.Ra6 f5 34.Rac6 fxe4+ 35.fxe4 Rd6 36.Bc5 Rg6
37.g3 Rg5 38.Re6 Rg6 39.Rxg6 hxg6 40.e5 g5  1-0

[Event "Bad Zwesten op"]
[Site "Bad Zwesten"]
[Date "1997.??.??"]
[Round "4"]
[White "Giorgadze, Giorgi"]
[Black "Ginsburg, Gennadij"]
[Result "1-0"]
[WhiteElo "2595"]
[BlackElo "2485"]

1.d4 d5 2.c4 Nc6 3.cxd5 Qxd5 4.e3 e5 5.Nc3 Bb4 6.Bd2 Bxc3 7.bxc3 Nf6 8.f3 e4
9.f4 O-O 10.c4 Qd6 11.Qb3 a5 12.a3 Re8 13.Ne2 Bg4 14.Bc3 Ne7 15.Ng3 h5 16.h3 Bd7
17.d5 b5 18.Be5 Qb6 19.d6 Nf5 20.Nxf5 Bxf5 21.dxc7 b4 22.axb4 axb4 23.Be2 Nd7
24.Rxa8 Rxa8 25.Bd4 Nc5 26.O-O Qxc7 27.Qxb4 Nd3 28.Qb5 g6 29.Rb1 Rc8 30.g4 hxg4
31.hxg4 Be6 32.Qg5 Rd8 33.Bf6 Qa7 34.Qh6 Qxe3+ 35.Kh1 Nf2+ 36.Kg2  1-0

[Event "Regionalliga SO9697"]
[Site "Bayern"]
[Date "1997.??.??"]
[Round "?"]
[White "Weinberger, Wolfgang"]
[Black "Schweiger, Georg"]
[Result "1-0"]
[WhiteElo "1995"]
[BlackElo "2065"]

1.d4 d5 2.c4 Nc6 3.e3 e5 4.Nf3 Bg4 5.Be2 exd4 6.O-O dxc4 7.Bxc4 Nf6 8.Qb3 Bd6
9.Bxf7+ Kf8 10.Nxd4 Ne5 11.Be6 c5 12.f4 Ned7 13.Nb5 Bb8 14.Bxg4 Nxg4 15.Qd5 Qh4
16.h3 Ndf6 17.Qf3 h5 18.Bd2 Ne4 19.Be1 Qe7 20.hxg4 a6 21.N5c3 Nf6 22.Nd5 Nxd5
23.Qxd5 Bd6 24.g5 Ke8 25.e4 c4 26.e5 Bc5+ 27.Bf2 Bxf2+ 28.Rxf2 Rd8 29.Qxc4 Rd1+
30.Rf1 Rxf1+ 31.Kxf1 Rf8 32.Nc3 b5 33.Qd4 Qxg5 34.Nd5 Qd8 35.Rd1 Qc8 36.Nb6 Qc7
37.Nd7 Rf7 38.Nc5 g5 39.Ne6 Qc8 40.Nxg5  1-0

[Event "Regionalliga SO9798"]
[Site "Bayern"]
[Date "1997.??.??"]
[Round "?"]
[White "Bielmeier, Ludwig"]
[Black "Schweiger, Georg"]
[Result "1/2-1/2"]
[WhiteElo "2100"]
[BlackElo "2100"]

1.d4 d5 2.c4 Nc6 3.Nc3 dxc4 4.d5 Ne5 5.Qd4 Ng6 6.e4 e5 7.Qxc4 a6 8.Nf3 Nf6
9.a4 Bd6 10.Be2 O-O 11.Qb3 Qe7 12.g3 Bb4 13.Bg5 Bd6 14.h3 h6 15.Be3 Bd7 16.Nd2 Rfb8
17.Nc4 Bb4 18.Nd2 c6 19.dxc6 Bxc6 20.Nd5 Bxd5 21.exd5 Rd8 22.Bc4 Nf4 23.d6 Qxd6
24.O-O-O N4d5 25.Ne4 Qc6 26.Nxf6+ gxf6 27.Kb1 Nxe3 28.fxe3 Bd2 29.Bxf7+ Kg7
30.Bh5 Rd7 31.Bg4 Re7 32.Qd3 Ba5 33.Bh5 e4 34.Qe2 Qc5 35.Rc1 Qg5 36.h4 Qe5
37.Qg4+ Kh8 38.Qg6 Rh7 39.Rhf1 Rg8 40.Qxf6+ Qxf6 41.Rxf6 Bd2 42.Rc4 Bxe3
43.Rxe4 Bc5 44.Bg6 Rc7 45.h5 Kg7 46.Rf5 Rf8 47.g4 Rxf5 48.Bxf5 Re7 49.Rxe7+ Bxe7
50.Bc8 a5 51.Bxb7 Kf6 52.Kc2 Kg5 53.Bc8 Bb4  1/2-1/2

[Event "Landesliga Nord9798"]
[Site "Bayern"]
[Date "1997.??.??"]
[Round "?"]
[White "Schneider, Bernd3"]
[Black "Stockmann, Rainer"]
[Result "0-1"]
[WhiteElo "2020"]
[BlackElo "2050"]

1.d4 d5 2.c4 Nc6 3.e3 e5 4.dxe5 d4 5.exd4 Qxd4 6.Qxd4 Nxd4 7.Bd3 Bg4 8.f3 Be6
9.Ne2 O-O-O 10.Nxd4 Rxd4 11.Be2 Ne7 12.Be3 Rd7 13.O-O Nf5 14.Bf2 Nd4 15.Bxd4 Rxd4
16.Nc3 Bc5 17.Kh1 Rd2 18.Ne4 Rxe2 19.Nxc5 Bxc4 20.b3 Rxe5 21.Rfc1 Rxc5 22.Rc3 Rd8
23.Re1 Re5 24.Rec1 Bd5 25.Rxc7+ Kb8 26.h3 Ree8 27.R7c5 Be6 28.Re1 Rc8 29.Rce5 Bd7  0-1

[Event "Benasque op"]
[Site "Benasque"]
[Date "1997.??.??"]
[Round "6"]
[White "Mayo Martinez, Manuel"]
[Black "Gallego, Victoriano"]
[Result "0-1"]
[WhiteElo "2205"]
[BlackElo "2395"]

1.d4 d5 2.c4 Nc6 3.e3 e5 4.cxd5 Qxd5 5.Nc3 Bb4 6.Bd2 Bxc3 7.bxc3 Nf6 8.c4 Qd6
9.d5 Ne7 10.Qa4+ Bd7 11.Qb3 a5 12.Bc3 Ne4 13.Qxb7 O-O 14.Qb2 Rfb8 15.Qc1 Nxc3
16.Qxc3 Qb4 17.Qxb4 axb4 18.Bd3 b3 19.a3 b2 20.Rb1 Rxa3 21.Kd2 c6 22.e4 cxd5
23.exd5 Rxd3+ 24.Kxd3 Bf5+ 25.Kc3 Bxb1 26.Nf3 Bf5  0-1

[Event "Benasque op"]
[Site "Benasque"]
[Date "1997.??.??"]
[Round "8"]
[White "Rodriguez Vargas, Orestes"]
[Black "Rojo Gomez, Jorge"]
[Result "1-0"]
[WhiteElo "2425"]
[BlackElo "2305"]

1.d4 d5 2.c4 Nc6 3.Nf3 e5 4.dxe5 Bb4+ 5.Bd2 dxc4 6.g3 Nge7 7.Bg2 Rb8 8.O-O Bxd2
9.Nbxd2 b5 10.a4 a6 11.axb5 axb5 12.Qc2 Nd4 13.Qe4 Nxf3+ 14.Nxf3 c5 15.e6 Bxe6
16.Qe5 O-O 17.Qxc5 Nf5 18.e4 Qd6 19.Qa7 Ne7 20.Rfd1 Qb4 21.Nd4 Rbe8 22.Qa6 Bd7
23.Qb7 Rd8 24.Nc2 Bc6 25.Nxb4 Bxb7 26.Rxd8 Rxd8 27.Ra7 Rd1+ 28.Bf1 Bc8 29.Rxe7 Kf8
30.Ra7 Bh3 31.Ra8+ Ke7 32.Nd5+ Kd6 33.Ne3 Rb1 34.Rd8+ Kc5 35.Rd1 Rxb2 36.Bxh3 c3
37.Bf1 b4 38.Rd8 Rb1 39.Kg2 Rc1 40.Rc8+  1-0

[Event "Biel op MTO"]
[Site "Biel"]
[Date "1997.??.??"]
[Round "7"]
[White "Cvitan, Ognjen"]
[Black "Levin, Felix"]
[Result "1-0"]
[WhiteElo "2570"]
[BlackElo "2475"]

1.d4 d5 2.c4 Nc6 3.e3 e5 4.cxd5 Qxd5 5.Nc3 Bb4 6.Bd2 Bxc3 7.bxc3 Qd6 8.Bd3 f5
9.Ne2 Nf6 10.Bc1 Be6 11.Qa4 e4 12.Bb5 Nd5 13.Ba3 Qd7 14.Bc5 Kf7 15.c4 Nb6
16.Bxb6 axb6 17.Qd1 Qd6 18.d5 Bd7 19.dxc6 bxc6 20.c5  1-0

[Event "Budapest FS02 IM-B"]
[Site "Budapest"]
[Date "1997.??.??"]
[Round "1"]
[White "Szeberenyi, Adam"]
[Black "Antal, Gergely"]
[Result "0-1"]
[WhiteElo "2225"]
[BlackElo "2220"]

1.d4 d5 2.c4 Nc6 3.Nf3 Bg4 4.cxd5 Bxf3 5.gxf3 Qxd5 6.e3 e5 7.Nc3 Bb4 8.Bd2 Bxc3
9.bxc3 Qd6 10.Bc4 Nge7 11.Qc2 O-O 12.Rd1 Qf6 13.Bd3 Ng6 14.Be4 Nh4 15.d5 Ne7
16.Ke2 Qh6 17.Qb3 Kh8 18.d6 Qxd6 19.Qc4 Qh6 20.Qxc7 Rad8 21.Bxb7 Nd5 22.Bxd5 Rxd5
23.Qc4 Rfd8 24.Bc1 Qf6 25.f4 Qe6 26.Rxd5 Rxd5 27.Rg1 Rd2+ 28.Kxd2 Qxc4 29.Rd1 Nf3+
30.Kc2 Qa4+  0-1

[Event "Budapest FS02 IM-B"]
[Site "Budapest"]
[Date "1997.??.??"]
[Round "3"]
[White "Csatari, Mariann"]
[Black "Antal, Gergely"]
[Result "0-1"]
[WhiteElo "2125"]
[BlackElo "2220"]

1.d4 d5 2.c4 Nc6 3.Nf3 Bg4 4.e3 e5 5.dxe5 d4 6.exd4 Bxf3 7.Qxf3 Qxd4 8.e6 fxe6
9.Be2 Bb4+ 10.Nd2 O-O-O 11.Qe3 Nf6 12.a3 Ba5 13.Rb1 Qxe3 14.fxe3 Bb6 15.Nf1 a5
16.Ng3 a4 17.Bd1 Na5 18.Bxa4 Nxc4 19.Ke2 Ng4 20.h3 Ngxe3 21.Bb3 Rhe8 22.Bxc4 Nxc4
23.b3 Nd6 24.Bb2 Nf5 25.Ne4 Bd4 26.g4 Bxb2 27.Rxb2 Rd4 28.Ng5 Ng3+ 29.Ke3 Red8
30.Rg1 Rd3+ 31.Kf2 Rf8+ 32.Kg2 h6 33.Nxe6 Rff3 34.Nc5 Rc3 35.b4 b6 36.Ne6 Ne4
37.Rh1 Rg3+ 38.Kf1 Rc1+  0-1

[Event "Budapest FS03 IM-B"]
[Site "Budapest"]
[Date "1997.??.??"]
[Round "5"]
[White "Ellers, Holger"]
[Black "Peredy, Ferenc"]
[Result "1-0"]
[WhiteElo "2260"]
[BlackElo "2200"]

1.d4 d5 2.c4 Nc6 3.cxd5 Qxd5 4.e3 e5 5.Nc3 Bb4 6.Bd2 Bxc3 7.Bxc3 exd4 8.Ne2 Bg4
9.f3 Be6 10.Nxd4 Nxd4 11.Qxd4 Qxd4 12.Bxd4 f6 13.Rc1 c6 14.Bc4 Kf7 15.a4 Ne7
16.a5 Rhd8 17.Ke2 Bxc4+ 18.Rxc4 Rd5 19.Ra1 Rad8 20.Rc2 a6 21.Bc3 Nf5 22.g4 Ne7
23.e4 Rd3 24.Rd2 Rxd2+ 25.Bxd2 Ke6 26.f4 Nc8 27.Bc3 Re8 28.Rd1 Nd6 29.f5+ Kd7
30.e5 fxe5 31.Bb4  1-0

[Event "Goodricke op"]
[Site "Calcutta"]
[Date "1997.??.??"]
[Round "10"]
[White "Suvrajit, Saha"]
[Black "Rahman, Ziaur"]
[Result "1-0"]
[WhiteElo "2295"]
[BlackElo "2480"]

1.d4 d5 2.c4 Nc6 3.Nc3 dxc4 4.e3 e5 5.d5 Na5 6.Nf3 Bd6 7.Qa4+ c6 8.Bxc4 Nxc4
9.dxc6 b5 10.Qxb5 Be6 11.b3 Qa5 12.c7+ Qxb5 13.Nxb5 Bb4+ 14.Kd1 Nd6 15.Ba3 Bxa3
16.Nxa3 f6 17.Ke2 Ne7 18.Rhd1 Nd5 19.Rac1 Ke7 20.Nc4 Nxc4 21.Rxc4 Nxe3 22.c8=N+ Raxc8
23.Rxc8 Rxc8 24.Kxe3 Bg4 25.Rd5 Rc3+ 26.Kd2 Bxf3 27.Ra5 Rc7 28.gxf3 Ke6 29.Ra4 g5
30.Kd3 Kf5 31.Kd2 h5 32.h3 Kg6 33.Ra6 Rb7 34.Kc3 Rd7 35.Kc2 Rd4 36.Rxa7 Rh4
37.a4 Rxh3 38.a5 Rxf3 39.Rd7 e4 40.a6 Rf5 41.a7 Rc5+ 42.Kb2 Rc8 43.b4 e3
44.fxe3 h4 45.b5 h3  1-0

[Event "California-ch"]
[Site "California"]
[Date "1997.??.??"]
[Round "?"]
[White "Izumikawa, Burt"]
[Black "Cartagena, Omar"]
[Result "0-1"]
[WhiteElo "2395"]
[BlackElo "2425"]

1.d4 d5 2.c4 Nc6 3.Nc3 Nf6 4.cxd5 Nxd5 5.e4 Nxc3 6.bxc3 e5 7.d5 Nb8 8.Nf3 Bd6
9.Be2 Nd7 10.O-O O-O 11.Rb1 Nc5 12.Nd2 f5 13.Bf3 b6 14.c4 f4 15.Bg4 Qh4 16.Bxc8 Raxc8
17.Ba3 f3 18.Nxf3 Qxe4 19.Bxc5 Bxc5 20.Qa4 Qf4 21.Rbd1 Bd6 22.Nd2 Bc5 23.Nf3 Rf6
24.Qd7 Rcf8 25.Kh1 e4 26.Ng1 Qe5 27.f4 Rxf4 28.Rxf4 Qxf4 29.Qe6+ Kh8 30.Re1 e3
31.Nf3 Qxc4 32.h3 Qxa2 33.Ne5 Qf2 34.Nd3 Qg3  0-1

[Event "Cannes op-B 18th"]
[Site "Cannes"]
[Date "1997.??.??"]
[Round "7"]
[White "Etchegaray, Patrice"]
[Black "Bukal, Vladimir Sr"]
[Result "0-1"]
[WhiteElo "2275"]
[BlackElo "2395"]

1.d4 d5 2.c4 Nc6 3.Nf3 Bg4 4.Qa4 Bxf3 5.gxf3 e5 6.dxe5 Qh4 7.Bg2 O-O-O 8.O-O Bc5
9.f4 Nh6 10.e3 d4 11.Qb3 Na5 12.Qb5 dxe3 13.Bxe3 Bxe3 14.fxe3 Ng4 15.h3 Nxe3
16.c5 Qg3 17.Qe2 Nxf1 18.Qxf1 Nc4 19.Nc3 Ne3 20.Qf3 Qxg2+ 21.Qxg2 Nxg2 22.Kxg2 Rd2+
23.Kf3 Rxb2 24.Rg1 Rd8 25.Ke3 g6 26.f5 Rc2 27.Ne2 Rxc5  0-1

[Event "Cappelle op"]
[Site "Cappelle la Grande"]
[Date "1997.??.??"]
[Round "2"]
[White "Touzane, Olivier"]
[Black "Cappon, John"]
[Result "1/2-1/2"]
[WhiteElo "2355"]
[BlackElo "2145"]

1.d4 d5 2.c4 Nc6 3.Nc3 dxc4 4.d5 Ne5 5.e4 e6 6.Bf4 Ng6 7.Bg3 Nf6 8.Bxc4 exd5
9.exd5 Bd6 10.Bb5+ Bd7 11.Bxd7+ Qxd7 12.Qb3 O-O 13.Nge2 Bxg3 14.hxg3 Rfe8
15.O-O-O Qf5 16.f3 Ne5 17.Rd4 c5 18.dxc6 Nxc6 19.Rf4 Qc5 20.Kb1 Rad8 21.Ne4 Na5
22.Qa4 Nxe4 23.Rxe4 Nc6 24.Nc3 Qf2 25.Qc2 Qxc2+ 26.Kxc2 Rxe4 27.Nxe4 Nd4+
28.Kb1 f5 29.Nc3 Nc6 30.Kc2 h6 31.a3 Nd4+ 32.Kb1 Nc6 33.Rh5 Nd4 34.Rh1 Nc6
35.Re1 Kf7 36.Re2 Kf6 37.b4 a6 38.Na4 Rd3 39.Ka2 Nd4 40.Rb2 Nb5 41.Rb3 Rd2+
42.Rb2 Rd3  1/2-1/2

[Event "Chicago op"]
[Site "Chicago"]
[Date "1997.??.??"]
[Round "6"]
[White "Wheeler, Jerry"]
[Black "Formanek, Edward W"]
[Result "1/2-1/2"]
[WhiteElo "2180"]
[BlackElo "2335"]

1.d4 d5 2.c4 Nc6 3.Nc3 dxc4 4.d5 Na5 5.Qa4+ c6 6.b4 cxb3 7.axb3 e6 8.Bd2 Nxb3
9.Qxb3 exd5 10.e4 dxe4 11.Bc4 Qe7 12.Nge2 b5 13.Bxb5 cxb5 14.O-O Nf6 15.Nf4 Qb7
16.Qxb5+ Qd7 17.Qe5+ Be7 18.Ncd5 Nxd5 19.Nxd5 f6 20.Nc7+ Kf8 21.Qxe4 Rb8
22.Bf4 Rb4 23.Qe3 Qd4 24.Ne6+ Bxe6 25.Qxe6 Qc4 26.Qxc4 Rxc4 27.Rxa7 g5 28.Be3 Kf7
29.Rb1 Rhc8 30.g3 R8c7 31.Rbb7  1/2-1/2

[Event "MSS-ch"]
[Site "CZE"]
[Date "1997.??.??"]
[Round "?"]
[White "Ovchinikova, Julia"]
[Black "Nepomucky, Ondrej"]
[Result "1/2-1/2"]
[WhiteElo "2235"]
[BlackElo "1890"]

1.d4 d5 2.c4 Nc6 3.Nf3 Bg4 4.Nc3 Nf6 5.e3 e6 6.a3 a6 7.h3 Bh5 8.b3 Be7 9.Bb2 O-O
10.Be2 Nb8 11.O-O c6 12.g4 Bg6 13.Ne5 Bd6 14.Nxg6 hxg6 15.Qd3 Nbd7 16.c5 Bc7
17.f4 Nh7 18.Bc1 f5 19.Ra2 Qh4 20.Bd1 g5  1/2-1/2

[Event "CZE-chT1a 9697"]
[Site "CZE"]
[Date "1997.??.??"]
[Round "?"]
[White "Chochol, Libor"]
[Black "Novak, Pavel"]
[Result "1-0"]
[WhiteElo "2170"]
[BlackElo "2215"]

1.d4 d5 2.c4 Nc6 3.Nf3 Bg4 4.Bf4 e6 5.Qa4 Bxf3 6.gxf3 Bb4+ 7.Bd2 Bxd2+ 8.Nxd2 Ne7
9.e3 a6 10.c5 O-O 11.f4 b5 12.cxb6 cxb6 13.Rc1 Qd6 14.Bd3 f6 15.Nf3 e5 16.fxe5 fxe5
17.Nxe5 Nxe5 18.dxe5 Qxe5 19.Qd4 Qg5 20.Rf1 Rf6 21.f4 Qh5 22.Rg1 Qxh2 23.Rg5 Qh6
24.Rc7 Re8 25.Bxa6 Kh8 26.Bb5 Qh4+ 27.Ke2 Nf5 28.Rxf5 Qg4+ 29.Kd2 Qg2+ 30.Kc3  1-0

[Event "DEN-chT 9697"]
[Site "?"]
[Date "1997.??.??"]
[Round "7"]
[White "Bekker Jensen, Simon"]
[Black "Hoiberg, Nina"]
[Result "1/2-1/2"]
[WhiteElo "2200"]
[BlackElo "2265"]

1.d4 d5 2.c4 Nc6 3.Nc3 dxc4 4.Nf3 Nf6 5.Bg5 Bg4 6.e3 e5 7.d5 Bxf3 8.gxf3 Na5
9.Qa4+ c6 10.Rd1 b5 11.Nxb5 cxb5 12.Qxb5+ Qd7 13.Qxa5 Rb8 14.a3 Bd6 15.Bxc4 Rxb2
16.Qc3 Rb8 17.e4 O-O 18.O-O Rfc8 19.Bxf6 gxf6 20.Qd3 Kh8 21.Kh1 Qh3 22.Rc1 Rb2
23.f4 Qh6 24.Qf3 exf4 25.Rg1 Rbb8 26.a4 Rg8 27.Bb5 Rg6 28.Bd7 Rbg8 29.Bf5 Rg5
30.h3 Qg7 31.h4 h5 32.Rxg5  1/2-1/2

[Event "Espoo op2"]
[Site "Espoo"]
[Date "1997.??.??"]
[Round "4"]
[White "Issakainen, Ari"]
[Black "Eriksson, Johan"]
[Result "1-0"]
[WhiteElo "2265"]
[BlackElo "2315"]

1.d4 d5 2.c4 Nc6 3.Nf3 Bg4 4.Nc3 e6 5.e3 Bb4 6.Qa4 Bxf3 7.gxf3 Ne7 8.Bd2 dxc4
9.Bxc4 a6 10.Qc2 b5 11.Bd3 g6 12.a4 Bd6 13.Nxb5 O-O 14.Nxd6 Qxd6 15.O-O Nd5
16.Be4 Nce7 17.Rfc1 Rab8 18.Rab1 Rfc8 19.Qc5 Qd7 20.b3 Rb6 21.Bd3 f5 22.e4 Nf6
23.Bg5 Kf7 24.Qe5 Nh5 25.Bc4 Rd6 26.d5 exd5 27.Bxe7 Qxe7 28.Bxd5+ Ke8 29.Qxe7+ Kxe7
30.Bb7 Rcd8 31.Rxc7+ Kf6 32.Re1 Ke5 33.exf5+ Kxf5 34.h4 Nf4 35.Rf7+ Rf6 36.Rxh7 Rff8
37.Be4+ Kf6 38.Ra7 Rd6 39.Kh2 Rb8 40.Rb7 Rc8 41.Kg3 Nh5+ 42.Kg4  1-0

[Event "Espoo op2"]
[Site "Espoo"]
[Date "1997.??.??"]
[Round "5"]
[White "Veingold, Aleksandr"]
[Black "Hurme, Harri M"]
[Result "1-0"]
[WhiteElo "2460"]
[BlackElo "2265"]

1.d4 d5 2.c4 Nc6 3.cxd5 Qxd5 4.e3 e5 5.Nc3 Bb4 6.Bd2 Bxc3 7.bxc3 Nf6 8.f3 exd4
9.cxd4 O-O 10.Bd3 Bf5 11.Bxf5 Qxf5 12.Ne2 Rfe8 13.O-O Rad8 14.Qb1 Qd5 15.Rf2 b6
16.Qc2 Qd6 17.Rc1 Nb4 18.Qb1 c5 19.e4 Nd7 20.Bxb4 cxb4 21.Rc4 a5 22.Qc2 Qb8
23.Rf1 b5 24.Rc6 Nb6 25.Qc5 Na4 26.Qg5 Rc8 27.Rxc8 Rxc8 28.Ng3 h6 29.Qg4 g6
30.h4 Nc3 31.h5 Kh7 32.hxg6+ fxg6 33.f4 Rg8 34.e5 Qc8 35.e6 Nd5 36.f5 Ne3
37.fxg6+ Kh8 38.Qf4 Rxg6 39.Qe5+ Kg8 40.e7 Re6 41.Rf8+  1-0